| 000 | 00765nam a2200217 a 4500 | ||
|---|---|---|---|
| 001 | 000046751 | ||
| 005 | 20201002053109.0 | ||
| 008 | 180321s2015 dr 000 0 spa d | ||
| 020 | _a9789945590074 | ||
| 040 |
_aDO-SdBNP _bspa _cBNPHU |
||
| 082 |
_axxxx _bxxxx |
||
| 100 | 1 |
_aMontero, Henry A., _d1981- _974691 |
|
| 245 | 1 | 0 |
_aTerapia cognitivo-conductual en pacientes con psicosis del parkinson / _cHenry A. Montero ; prólogo Natasha Despotovic. |
| 260 |
_aSanto Domingo : _bFUNGLODE, _c2015. |
||
| 300 |
_aix, 61 p. ; _c21 cm. |
||
| 490 | 1 | _aEstudios y reflexiones ; | |
| 500 | _aIncluye biografía del autor en la página 57 | ||
| 590 | _aInventariado, 2018/BT | ||
| 700 | 1 |
_aDespotovic, Natasha, _epról. _974370 |
|
| 830 | 0 |
_aEstudios y reflexiones ; _974692 |
|
| 999 |
_c46240 _d46240 |
||